000 00611nam a2200205Ia 4500
005 20250326144320.0
008 250326s9999 xx 000 0 und d
020 _a978-81-317-2115-5
037 _aTextbook
040 _aFMSL
_beng
_cFMSL
041 _aeng
_2eng
084 _aX:512 P8
_qFMSL
100 _aKeller Kevin Lane
245 0 _aBest practice cases in branding: lesson from the world's strongest brands
_cKeller Kevin Lane
260 _aNew Delhi
_bNew Delhi, Pearson Education
_c2008
300 _axii,382
365 _b275
942 _cTB
_hX:512 P8
999 _c1303269
_d1303269